International history 1871-1945 : (Record no. 5499)

MARC details
000 -LEADER
fixed length control field 01857nam a22002897a 4500
001 - CONTROL NUMBER
control field 5499
003 - CONTROL NUMBER IDENTIFIER
control field FISKH
005 - DATE AND TIME OF LATEST TRANSACTION
control field 20241212154853.0
008 - FIXED-LENGTH DATA ELEMENTS--GENERAL INFORMATION
fixed length control field 241212b cb ||||| |||| 00| 0 eng d
020 ## - INTERNATIONAL STANDARD BOOK NUMBER
International Standard Book Number 9781107613232
040 ## - CATALOGING SOURCE
Original cataloging agency FISKH
Language of cataloging eng
Transcribing agency FISKH
Modifying agency FISKH
050 ## - LIBRARY OF CONGRESS CALL NUMBER
Classification number BT26.V36
082 ## - DEWEY DECIMAL CLASSIFICATION NUMBER
Classification number 230.09
100 ## - MAIN ENTRY--PERSONAL NAME
Personal name Wadsworth, Phil
245 ## - TITLE STATEMENT
Title International history 1871-1945 :
Remainder of title Cambridge international AS Level /
Statement of responsibility, etc. by Phil Wadsworth
250 ## - EDITION STATEMENT
Edition statement First published 2013
260 ## - PUBLICATION, DISTRIBUTION, ETC.
Place of publication, distribution, etc. Oxford :
Name of publisher, distributor, etc. Cambridge University Press ;
Date of publication, distribution, etc. 2013.
300 ## - PHYSICAL DESCRIPTION
Extent 200 pages :
Other physical details color illustrations , maps ;
Dimensions 28 cm .
490 ## - SERIES STATEMENT
Series statement Cambridge International Examinations
505 ## - FORMATTED CONTENTS NOTE
Formatted contents note Z <br/>
520 ## - SUMMARY, ETC.
Summary, etc. Medieval theology, in all its diversity, was radically theo-centric, Trinitarian, Scriptural and sacramental. It also operated with a profound view of human understanding (in terms of intellectus rather than mere ratio). In a post-modern climate, in which the modern views on 'autonomous reason' are increasingly being questioned, it may prove fruitful to re-engage with pre-modern thinkers who, obviously, did not share our modern and post-modern presuppositions. Their different perspective does not antiquate their thought, as some of the 'cultured despisers' of medieval thought might imagine. On the contrary, rather than rendering their views obsolete it makes them profoundly challenging and enriching for theology today. This book is more than a survey of key medieval thinkers (from Augustine to the late-medieval period); it is an invitation to think along with major theologians and explore how their thought can deeply challenge some of today's modern and post-modern key assumptions.
521 8# - TARGET AUDIENCE NOTE
Target audience note 1200 <br/>
Source Lexile estimate <br/>
521 8# - TARGET AUDIENCE NOTE
Target audience note Z <br/>
Source Raz-Plus <br/>
650 ## - SUBJECT ADDED ENTRY--TOPICAL TERM
Topical term or geographic name entry element medieval-studies
Form subdivision Non-fiction
942 ## - ADDED ENTRY ELEMENTS (KOHA)
Source of classification or shelving scheme Dewey Decimal Classification
Koha item type Books
Suppress in OPAC No
Holdings
Withdrawn status Lost status Source of classification or shelving scheme Damaged status Not for loan Collection Home library Current library Shelving location Date acquired Total Checkouts Full call number Barcode Date last seen Price effective from Koha item type
    Dewey Decimal Classification     Non-Fiction Footprints International School Library Network Toul Kork Campus Footprints International School Library Network Toul Kork Campus TTP Secondary Non-Fiction Bookshelves 12/12/2024   WAD 230.09 BT26.V36 2024-2447 12/12/2024 12/12/2024 Books